Bhasa-bhaskar : (Record no. 7179)

MARC details
000 -LEADER
fixed length control field 00526cam a2200205ua 4500
001 - CONTROL NUMBER
control field 8068
005 - DATE AND TIME OF LATEST TRANSACTION
control field 20260515114306.0
008 - FIXED-LENGTH DATA ELEMENTS--GENERAL INFORMATION
fixed length control field 150108n ii |||gr||||Z||||||hin
040 ## - CATALOGING SOURCE
Transcribing agency MAIN
041 ## - LANGUAGE CODE
Language code of text/sound track or separate title hin
082 ## - DEWEY DECIMAL CLASSIFICATION NUMBER
Classification number 491.43
100 ## - MAIN ENTRY--PERSONAL NAME
Personal name Sikshit, S, S.,
Relator term Author.
245 1# - TITLE STATEMENT
Title Bhasa-bhaskar :
Remainder of title Dbitiy alok /
Statement of responsibility, etc. By Shanti Swaroop Dikshit .
250 ## - EDITION STATEMENT
Edition statement 1st.
260 ## - PUBLICATION, DISTRIBUTION, ETC.
Place of publication, distribution, etc. Shikohabad:
Name of publisher, distributor, etc. Krishna,
Date of publication, distribution, etc. 1989.
300 ## - PHYSICAL DESCRIPTION
Extent 550p.
653 ## - INDEX TERM--UNCONTROLLED
Uncontrolled term East Indo-European & Celtic languages
653 ## - INDEX TERM--UNCONTROLLED
Uncontrolled term Hindi language
942 ## - ADDED ENTRY ELEMENTS (KOHA)
Koha item type Books
Holdings
Withdrawn status Lost status Damaged status Not for loan Home library Current library Shelving location Date acquired Total checkouts Full call number Barcode Date last seen Copy number Price effective from Koha item type
        Naharkatiya College Library Naharkatiya College Library General stacks 09/19/2020   491.43 | DIK 3326 09/19/2020 1 09/19/2020 Books
        Naharkatiya College Library Naharkatiya College Library General stacks 09/19/2020   491.43 | DIK 3370 09/19/2020 2 09/19/2020 Books